<?xml version="1.0" encoding="UTF-8"?>
<record
    xmlns:xsi="http://www.w3.org/2001/XMLSchema-instance"
    xsi:schemaLocation="http://www.loc.gov/MARC21/slim http://www.loc.gov/standards/marcxml/schema/MARC21slim.xsd"
    xmlns="http://www.loc.gov/MARC21/slim">

  <leader>00470nam a22001097a 4500</leader>
  <controlfield tag="008">110614t        xxu||||| |||| 00| 0 eng d</controlfield>
  <datafield tag="010" ind1=" " ind2=" ">
    <subfield code="a">SCCAF34</subfield>
  </datafield>
  <datafield tag="245" ind1=" " ind2=" ">
    <subfield code="a">Supreme Court Civil Application  No.04/1991 J.W.R. Kazzora vs M.L,S.Rukuba</subfield>
  </datafield>
  <datafield tag="260" ind1=" " ind2=" ">
    <subfield code="c">1994</subfield>
  </datafield>
  <datafield tag="500" ind1=" " ind2=" ">
    <subfield code="a">CORAM:Oder, J.S.C., Oder ,JSC., Seation ,JSC</subfield>
  </datafield>
  <datafield tag="500" ind1=" " ind2=" ">
    <subfield code="a">Arising from the judgment and decree of the High Court of Uganda Mr.Justice J.P.M. Tabora dated 18/march,1991 in High Court Civil Suit No.320 of 1988 </subfield>
  </datafield>
  <datafield tag="999" ind1=" " ind2=" ">
    <subfield code="c">2865</subfield>
    <subfield code="d">2865</subfield>
  </datafield>
  <datafield tag="952" ind1=" " ind2=" ">
    <subfield code="0">0</subfield>
    <subfield code="1">0</subfield>
    <subfield code="2">ddc</subfield>
    <subfield code="4">0</subfield>
    <subfield code="6">411991</subfield>
    <subfield code="7">0</subfield>
    <subfield code="9">4388</subfield>
    <subfield code="a">MAIN</subfield>
    <subfield code="b">MAIN</subfield>
    <subfield code="c">LRP</subfield>
    <subfield code="d">2011-06-14</subfield>
    <subfield code="l">0</subfield>
    <subfield code="o">4/11991</subfield>
    <subfield code="p">4/1991/1</subfield>
    <subfield code="r">2011-06-14 00:00:00</subfield>
    <subfield code="w">2011-06-14</subfield>
    <subfield code="y">URC</subfield>
  </datafield>
  <datafield tag="952" ind1=" " ind2=" ">
    <subfield code="0">0</subfield>
    <subfield code="1">0</subfield>
    <subfield code="2">ddc</subfield>
    <subfield code="4">0</subfield>
    <subfield code="6">411991</subfield>
    <subfield code="7">0</subfield>
    <subfield code="9">4389</subfield>
    <subfield code="a">MAIN</subfield>
    <subfield code="b">MAIN</subfield>
    <subfield code="c">LRP</subfield>
    <subfield code="d">2011-06-14</subfield>
    <subfield code="l">0</subfield>
    <subfield code="o">4/11991</subfield>
    <subfield code="p">4/1991/2</subfield>
    <subfield code="r">2011-06-14 00:00:00</subfield>
    <subfield code="w">2011-06-14</subfield>
    <subfield code="y">URC</subfield>
  </datafield>
</record>
